[Event "LSS RA-2008-0-00037"]
[Site "LSS email"]
[Date "2009.01.13"]
[Round "?"]
[White "Djuran, Zoran"]
[Black "Kroes, Friso"]
[Result "0-1"]
[WhiteElo "2011"]
[BlackElo "2019"]
[PlyCount "92"]
[EventDate "2009.01.10"]
[EventType "tourn (corr)"]
[EventRounds "6"]
[EventCountry "GER"]
[SourceTitle "Corr 2011"]
[Source "ChessBase"]
[SourceDate "2010.08.31"]
[SourceVersion "1"]
[SourceVersionDate "2010.08.31"]
[SourceQuality "1"]

1. e4 c5 2. f4 d5 3. exd5 Nf6 4. Nf3 Nxd5 5. Bb5+ Bd7 6. Bc4 Nb6 7. Na3 Nc6 8. 0-0 g6 9. Be2 Bg7 10. c3 0-0 11. d3 Qc7 12. Be3 Nd5 13. Bxc5 Nxf4 14. Bf2 Bg4 15. Qd2 Rad8 16. Nb5 Qb8 17. Be3 Nxe2+ 18. Qxe2 a6 19. Na3 Rd5 20. Nc2 Bxf3 21. gxf3 Rfd8 22. Rad1 e6 23. d4 Qc7 24. Bf2 Bh6 25. Ne3 Rh5 26. Ng4 Kg7 27. Bg3 Bf4 28. Bxf4 Qxf4 29. Qe3 Qc7 30. f4 Ne7 31. Rde1 Rf5 32. Qf3 Nd5 33. Re4 Qc4 34. a3 Qb3 35. Rf2 a5 36. Qe2 a4 37. Ne3 Nxe3 38. Rxe3 Rd6 39. h3 Rd8 40. Kh2 Qb6 41. Re5 Rd5 42. Qc2 Qc6 43. Qe2 Qd6 44. Qe4 h6 45. Rg2 Qd7 46. Kg3 Qb5 0-1

[Event "LSS RA-2008-0-00037"]
[Site "LSS email"]
[Date "2009.01.13"]
[Round "?"]
[White "Gasanov, Engels G"]
[Black "Djuran, Zoran"]
[Result "1/2-1/2"]
[WhiteElo "1704"]
[BlackElo "2011"]
[PlyCount "67"]
[EventDate "2009.01.10"]
[EventType "tourn (corr)"]
[EventRounds "6"]
[EventCountry "GER"]
[SourceTitle "Corr 2011"]
[Source "ChessBase"]
[SourceDate "2010.08.31"]
[SourceVersion "1"]
[SourceVersionDate "2010.08.31"]
[SourceQuality "1"]

1. Nf3 Nf6 2. c4 c5 3. e3 g6 4. d4 Bg7 5. Nc3 cxd4 6. exd4 d5 7. cxd5 0-0 8. Qb3 Nbd7 9. d6 exd6 10. Be2 Nb6 11. d5 Nfxd5 12. Bg5 Ne7 13. 0-0 Be6 14. Qa3 h6 15. Bf4 Nf5 16. Rad1 Re8 17. Rfe1 Bc4 18. Bxc4 Nxc4 19. Qb3 Rc8 20. Rxe8+ Qxe8 21. Qxb7 Nxb2 22. Qxb2 Rxc3 23. Re1 Qc6 24. Qb1 a6 25. h3 Kh7 26. Rc1 Rc4 27. Rxc4 Qxc4 28. Bh2 d5 29. Be5 d4 30. Bxg7 Nxg7 31. Ne5 Qe2 32. Nd3 Nf5 33. Nf4 Qc4 34. g3 1/2-1/2

[Event "LSS RA-2008-0-00037"]
[Site "LSS email"]
[Date "2009.01.13"]
[Round "?"]
[White "Jovanovic, Bratislav"]
[Black "Djuran, Zoran"]
[Result "1/2-1/2"]
[WhiteElo "2071"]
[BlackElo "2011"]
[PlyCount "99"]
[EventDate "2009.01.10"]
[EventType "tourn (corr)"]
[EventRounds "6"]
[EventCountry "GER"]
[SourceTitle "Corr 2011"]
[Source "ChessBase"]
[SourceDate "2010.08.31"]
[SourceVersion "1"]
[SourceVersionDate "2010.08.31"]
[SourceQuality "1"]

1. e4 c5 2. Nf3 d6 3. d4 cxd4 4. Nxd4 Nf6 5. Nc3 a6 6. Be3 e5 7. Nb3 Be6 8. f3 Nbd7 9. g4 b5 10. g5 b4 11. Ne2 Nh5 12. Qd2 a5 13. Ng3 Nxg3 14. hxg3 a4 15. Nc1 Qa5 16. f4 g6 17. Nd3 Bg7 18. a3 bxa3 19. Qxa5 Rxa5 20. Rxa3 0-0 21. b4 Raa8 22. Bg2 Rfb8 23. f5 gxf5 24. exf5 Bxf5 25. 0-0 Bg6 26. Bd5 Ra6 27. c4 Nb6 28. Bxb6 Rbxb6 29. b5 Ra7 30. Nb4 e4 31. Nc6 Bb2 32. Ra2 Rxc6 33. Rxb2 Rb6 34. Ra2 e3 35. Rfa1 Re7 36. Rxa4 Re5 37. Re1 Rb8 38. Ra8 Rxa8 39. Bxa8 Be4 40. Bxe4 Rxe4 41. Rc1 Kf8 42. b6 Re7 43. Rb1 Re8 44. b7 Rb8 45. Kf1 Ke8 46. Ke2 Kd7 47. Kxe3 Kc6 48. Rh1 Kc5 49. Rxh7 Rxb7 50. Rh6 1/2-1/2

[Event "IECG CA.2004.0.00137 email"]
[Site "IECG email"]
[Date "2004.10.10"]
[Round "?"]
[White "Baroin, Bernard"]
[Black "Djuran, Zoran"]
[Result "1-0"]
[WhiteElo "2000"]
[BlackElo "2011"]
[PlyCount "23"]
[EventDate "2004.10.10"]
[EventType "tourn (corr)"]
[EventRounds "6"]
[SourceTitle "Corr 2024"]
[Source "ChessBase"]
[SourceDate "2023.10.19"]
[SourceVersion "1"]
[SourceVersionDate "2023.10.19"]
[SourceQuality "1"]

1. e4 c5 2. Nf3 d6 3. d4 cxd4 4. Nxd4 Nf6 5. Nc3 a6 6. e5 dxe5 7. Nf3 Qxd1+ 8. Nxd1 Nc6 9. Be3 Bg4 10. Be2 Nb4 11. Kd2 Rc8 12. c3 1-0

[Event "IECG CA.2004.0.00137 email"]
[Site "IECG email"]
[Date "2004.10.10"]
[Round "?"]
[White "Borst, John"]
[Black "Djuran, Zoran"]
[Result "1-0"]
[WhiteElo "2049"]
[BlackElo "2011"]
[PlyCount "23"]
[EventDate "2004.10.10"]
[EventType "tourn (corr)"]
[EventRounds "6"]
[SourceTitle "Corr 2024"]
[Source "ChessBase"]
[SourceDate "2023.10.19"]
[SourceVersion "1"]
[SourceVersionDate "2023.10.19"]
[SourceQuality "1"]

1. e4 c5 2. Nf3 d6 3. d4 cxd4 4. Nxd4 Nf6 5. Nc3 a6 6. Be2 e5 7. Nb3 Be7 8. 0-0 0-0 9. Kh1 Nc6 10. f4 b5 11. a4 b4 12. Nd5 1-0